Statistiques concernant Paroles - Dernière danse - Kyo

Cliquez ici pour prendre le quiz!

Statistiques générales

  • Ce quiz a été pris 5 004 fois
  • Le résultat moyen est 197 sur 232

Statistiques - réponses

Paroles% Correct
de
99%
Dans
98%
dans
98%
a
97%
danse
97%
dernière
97%
et
97%
Et
97%
je
97%
Je
97%
un
97%
Un
97%
une
97%
juste
96%
le
96%
Le
96%
veux
96%
La
95%
par
95%
J'ai
94%
son
94%
l'indifférence
93%
se
93%
silence
93%
Avant
92%
avant
92%
corps
92%
En
92%
l'ombre
92%
puis
92%
long
91%
parcouru
91%
visage
91%
fois
90%
ses
90%
cent
89%
que
89%
Elle
88%
fait
88%
longtemps
88%
ma
88%
Effleuré
87%
les
87%
l'or
87%
moi
87%
coeur
85%
encore
85%
larmes
85%
même
85%
trouvé
85%
vertige
85%
essuyant
84%
partie
84%
appris
82%
dessine
82%
formes
82%
quelques
82%
pureté
81%
c'est
80%
C'est
80%
étoiles
80%
Parfois,
80%
mais
79%
Mais
79%
Qui
79%
qui
79%
trop
79%
Au
78%
pas
78%
bien
77%
mal
77%
plus
77%
qu'elle
76%
Qu'elle
76%
Il
75%
regard
75%
douleur
74%
On
74%
peau
74%
voyage
74%
est
73%
faute
73%
l'ai
73%
pour
73%
prépare
73%
traversé
73%
flèche
72%
peut
71%
seul
70%
tard
70%
déjà
69%
tôt
69%
apercevoir
68%
garde
68%
homme
68%
vie
68%
connais
66%
mon
66%
rien
66%
d'avoir
65%
Merci
65%
sans
65%
connue
64%
ça
63%
d'ma
63%
l'histoire
63%
mains
63%
vu
63%
dire
62%
enchanté
62%
âme
61%
partir,
61%
bonheur
58%
respire
58%
seulement
57%
Fallait
56%
reçu
55%
ancré
53%
peux
51%
demain
49%
n'change
49%
mourir
48%

Distribution des résultats

Percentile par nombre de réponses

% des personnes avec chaque résultat

Votre développement - résultats

Vous n’avez pas pris ce quiz